Online
Catalog

Los aborígenes / (Record no. 39788)

MARC details
000 -CABECERA
campo de control de longitud fija 00721nam a2200205 a 4500
001 - NÚMERO DE CONTROL
campo de control 000040298
005 - FECHA Y HORA DE LA ÚLTIMA TRANSACCIÓN
campo de control 20240305100859.0
008 - DATOS DE LONGITUD FIJA--INFORMACIÓN GENERAL
campo de control de longitud fija 130802s2004 mx r 000 0 spa d
020 ## - NÚMERO INTERNACIONAL ESTÁNDAR DEL LIBRO
Número Internacional Estándar del Libro 9703216544
040 ## - FUENTE DE LA CATALOGACIÓN
Centro catalogador/agencia de origen DO-SdBNP
Lengua de catalogación spa
Centro/agencia transcriptor BNPHU
082 ## - NÚMERO DE LA CLASIFICACIÓN DECIMAL DEWEY
Número de clasificación xxxx
Número de documento/Ítem M385a
100 1# - ENTRADA PRINCIPAL--NOMBRE DE PERSONA
Nombre de persona Martínez Moreno, Carlos,
Fechas asociadas al nombre 1917-1986
9 (RLIN) 9855
245 14 - MENCIÓN DE TÍTULO
Título Los aborígenes /
Mención de responsabilidad, etc. Carlos Martínez Moreno ; introducción Rocío Antúñez Olivera.
260 ## - PUBLICACIÓN, DISTRIBUCIÓN, ETC.
Lugar de publicación, distribución, etc. México :
Nombre del editor, distribuidor, etc. Universidad Nacional Autónoma de México,
Fecha de publicación, distribución, etc. 2004.
300 ## - DESCRIPCIÓN FÍSICA
Extensión xiii, 61 p. ;
Dimensiones 18 cm.
490 1# - MENCIÓN DE SERIE
Mención de serie Relato Licenciado Vidriera
Designación de volumen o secuencia 20
590 ## - NOTA LOCAL (RLIN)
Nota local Inventariado, 2019/BT
700 1# - PUNTO DE ACCESO ADICIONAL--NOMBRE DE PERSONA
Nombre de persona Antúñez Olivera, Rocio,
Término indicativo de función/relación intr.
9 (RLIN) 66582
830 #0 - PUNTO DE ACCESO ADICIONAL DE SERIE-TÍTULO UNIFORME
Título uniforme Relato Licenciado Vidriera
Número de parte o sección de la obra 20
9 (RLIN) 66583
Holdings
Estado de retiro Estado de pérdida Restricciones de uso No para préstamo Código de colección Localización permanente Ubicación/localización actual Ubicación en estantería Fecha de adquisición Número de inventario Total de préstamos Signatura topográfica completa Código de barras Fecha visto por última vez Precio válido a partir de Tipo de ítem Koha Número de copia
      Excluido de préstamo Monografías: Libros y Folletos General General Depósito 21.08.2013 LF1   xxxx M385a 40298-10 25.06.2020 25.06.2020 No se presta  
      Excluido de préstamo Monografías: Libros y Folletos General General Depósito 21.08.2013 LF1   xxxx M385a 40298-20 25.06.2020 25.06.2020 No se presta e.2
        Monografías: Libros y Folletos General General Depósito 21.08.2013 LF1   xxxx M385a 40298-30 25.06.2020 25.06.2020 Préstamo en sala e.3

Powered by Koha